| 000 | 00460nam a2200181Ia 4500 | ||
|---|---|---|---|
| 005 | 20250423094421.0 | ||
| 008 | 250422s9999 xx 000 0 und d | ||
| 020 | _a9781482931 | ||
| 050 | _aPZ 7 .E348/ | ||
| 100 | _aEkwensi, Cyprian | ||
| 245 | 3 | _aAn African night's entertainment | |
| 260 | _aIbadan | ||
| 260 | _bAfrican Universities Press | ||
| 260 | _c1962 | ||
| 300 | _a152 p | ||
| 650 | _a Revenge --Fiction. Africa --Fiction. | ||
| 942 | _cBK | ||
| 999 |
_c27174 _d27174 |
||